|
|
|
|
| LEADER |
00895cam a2200217 7i4500 |
| 001 |
0000031873 |
| 005 |
20150731090000.0 |
| 020 |
|
|
|a 9830994937 (pbk.)
|
| 020 |
|
|
|a 9789830994932 (pbk.)
|
| 090 |
0 |
0 |
|a QK99
|b .A63 2008
|
| 100 |
0 |
|
|a Abdullah al-Qari Haji Salleh
|
| 245 |
1 |
0 |
|a Ensiklopedia herba-herba sekeliling :
|b memuatkan 300 jenis herba berdasarkan kajian sains, eksperimen, pengamatan dan panduan tradisional
|c oleh Abdullah Al-Qari B. Hj. Salleh.
|
| 260 |
|
|
|a Kuala Lumpur:
|b Al-Hidayah Pub.,
|c 2008.
|
| 300 |
|
|
|a 543 p.:
|b ill.;
|c 21 cm.
|
| 650 |
0 |
0 |
|a Medicinal plants
|
| 650 |
0 |
0 |
|a Herbs --
|x Therapeutic use
|
| 650 |
0 |
0 |
|a Traditional medicine --
|z Malaysia
|
| 997 |
|
|
|a Centre for Graduate Studies
|
| 999 |
|
|
|a 0000038198
|b BOK
|c REFERENCE
|e 2nd Floor, Shah Alam
|
| 999 |
|
|
|a 0000049329
|b BOK
|c REFERENCE
|e 1st Floor, Bestari Jaya
|
| 999 |
|
|
|a 0000049330
|b BOK
|c REFERENCE
|e 2nd Floor, Shah Alam
|